Loading...
| Literature - British | 0 | 4 | 0 | 1 | 40 | 99 | 124.50 | 1 | 2 | 4.26 | 15.45 |
| Religion | 0 | 4 | 0 | 0 | 40 | 72 | 91.50 | 0 | 2 | 10.56 | 23.64 |
| Literature - World | 0 | 3 | 0 | 1 | 30 | 76 | 113.00 | 0 | 2 | 6.10 | 18.18 |
| Literature - European | 0 | 3 | 0 | 0 | 30 | 86 | 116.00 | 0 | 2 | 4.71 | 14.55 |
| Fine Arts - Other | 0 | 3 | 1 | 0 | 25 | 119 | 132.33 | 0 | 1 | 1.31 | 10.00 |
| History - European | 0 | 2 | 0 | 0 | 20 | 56 | 73.00 | 0 | 1 | 8.22 | 10.91 |
| Literature - American | 0 | 2 | 1 | 1 | 15 | 131 | 135.00 | 0 | 0 | 0.00 | 5.45 |
| Mythology | 0 | 2 | 1 | 0 | 15 | 109 | 127.50 | 0 | 1 | 1.53 | 9.09 |
| Other Academic | 0 | 1 | 0 | 0 | 10 | 129 | 129.00 | 0 | 0 | 0.00 | 6.67 |
| Fine Arts - Painting and Sculpture | 0 | 1 | 0 | 0 | 10 | 135 | 135.00 | 0 | 0 | 0.00 | 0.91 |
| History - Other | 0 | 1 | 0 | 0 | 10 | 127 | 127.00 | 0 | 0 | -0.07 | 1.82 |
| History - American | 0 | 1 | 0 | 0 | 10 | 117 | 117.00 | 0 | 0 | 0.15 | 1.82 |
| History - World | 0 | 1 | 1 | 0 | 5 | 80 | 80.00 | 0 | 1 | 3.13 | 5.45 |